[Event "Sarajevo Galijatovic Memorial"]
[Site "Sarajevo"]
[Date "2019.02.17"]
[Round "6"]
[White "Oputic, Mirsad"]
[Black "Korjenic, Esef"]
[Result "1/2-1/2"]
[WhiteElo "1918"]
[BlackElo "1937"]
[PlyCount "72"]
[EventDate "2019.02.13"]
[EventType "swiss"]
[EventRounds "7"]
[EventCountry "BIH"]
[SourceTitle "CBM 189 Extra"]
[Source "ChessBase"]
[SourceDate "2019.06.03"]
[SourceVersion "1"]
[SourceVersionDate "2019.06.03"]
[SourceQuality "1"]

1. f4 d5 2. d4 c5 3. e3 Nc6 4. Nf3 Bg4 5. c3 e6 6. Bd3 Nf6 7. 0-0 Be7 8. Qe1 Bxf3 9. Rxf3 Ne4 10. f5 exf5 11. Rxf5 g6 12. Rf3 f5 13. Nd2 0-0 14. Rf1 Qc7 15. Nf3 Rf7 16. dxc5 Nxc5 17. Bc2 Kg7 18. Bd2 Bf6 19. Rd1 Rd8 20. Bc1 Ne5 21. Qg3 Nxf3+ 22. Qxf3 Ne4 23. Bb3 Rfd7 24. Ba4 Re7 25. Bb3 Qe5 26. c4 d4 27. exd4 Rxd4 28. Rxd4 Qxd4+ 29. Be3 Qxb2 30. c5 Bd4 31. h4 Nd2 32. Bxd4+ Qxd4+ 33. Qf2 Nxb3 34. axb3 Qxf2+ 35. Kxf2 Re4 36. Rb1 Kf6 1/2-1/2

[Event "Sarajevo Galijatovic Memorial"]
[Site "Sarajevo"]
[Date "2018.02.19"]
[Round "1"]
[White "Korjenic, Esef"]
[Black "Lakota, Izet"]
[Result "0-1"]
[WhiteElo "1981"]
[BlackElo "1750"]
[PlyCount "114"]
[EventDate "2018.02.19"]
[EventType "swiss"]
[EventRounds "7"]
[EventCountry "BIH"]
[SourceTitle "CBM 183 Extra"]
[Source "ChessBase"]
[SourceDate "2018.04.19"]
[SourceVersion "1"]
[SourceVersionDate "2018.04.19"]
[SourceQuality "1"]

1. d4 d5 2. c4 c6 3. Nc3 Nf6 4. Bg5 Nbd7 5. f3 a6 6. e4 dxe4 7. fxe4 h6 8. Bh4 g5 9. Bg3 Bg7 10. h3 Qa5 11. Qc2 Nh5 12. Bf2 c5 13. Nf3 cxd4 14. Nxd4 Bxd4 15. Bxd4 e5 16. Bf2 0-0 17. 0-0-0 Nf4 18. h4 Kg7 19. hxg5 hxg5 20. g3 Ng6 21. Be3 f6 22. Kb1 b5 23. cxb5 axb5 24. Bxb5 Rd8 25. Rd2 Ndf8 26. Bc4 Be6 27. Bd5 Rac8 28. Rhd1 Ne7 29. Qb3 Rb8 30. Qc2 Rbc8 31. Rh2 Bxd5 32. exd5 Nxd5 33. Bd2 Qc5 34. Rdh1 Nxc3+ 35. Bxc3 Kf7 36. Qf5 Qb6 37. Bxe5 Rc6 38. Qf2 Qb5 39. Qf3 Rd3 40. Qf5 Rd5 41. Rh7+ Ke8 42. Rh8 Rxe5 43. Rxf8+ Kxf8 44. Rh8+ Ke7 45. Rh7+ Ke8 46. Rh8+ Ke7 47. Rh7+ Kd6 48. Rd7+ Kc5 49. Qf2+ Kb4 50. Qd2+ Ka4 51. Rd4+ Rc4 52. Rxc4+ Qxc4 53. b3+ Qxb3+ 54. axb3+ Kxb3 55. Qd3+ Kb4 56. Qd6+ Kb3 57. Qxf6 Re1# 0-1